00646nam a2200169Ia 4500008004100000020001800041041000800059082001800067100002600085245011300111250000600224260006100230300001400291650002000305999001900325952013200344210716s2008 xx 000 0 und d a9780070223516 aeng a621.3921 NAVZ aNavabi, Zainalabedin. aVHDL: modular design and synthesis of cores and systems.bModular design and synthesis of cores and systems. a1 aNew DelhibTata McGraw Hill Publishing Company Ltdc2008 axviii,531 aDigital Systems c190736d190736 001040708MCAaAIMITbAIMITeKnowledge Worldg465.00l0o621.3921 NAVZpMCA10244r2025-07-21 00:00:00v348.75w2021-07-16yBK